02040nam a2200301 a 4500008004100000020001800041050001900059100002000078245009700098250001600195260002600211300003100237350001000268650002200278700002100300700002300321995015900344995013700503995013700640995013700777995015900914999001701073952013801090952012401228952012401352952012401476952013801600190715s2014 ||||||||||||||||| || u a9780273769088 aTK 7881.15 Ras aKumar, Narendra10aPower electronics: devices, circuits, and applications. (4th edition)cBy Muhammad H. Rashid a4th edition aBostonbPearsonc2014 a1022 pages : illustrations a49.98 0aPOWER ELECTRONICS aKulkarni, Ashish aRashid, Muhammad H aMAIN LIBRARY OPEN ACCESSe749465FCBU-MAIN LIBRARY (Kitwe)I49.98jTK 7881.15 RasM2UAVAILABLEWJul 16, 2019y749465ZMain Library Open Access Collection aSHORT LOAN BOOKSe750080FCBU-MAIN LIBRARY (Kitwe)I49.98jTK 7881.15 RasM5UAVAILABLEWNov 27, 2019y750080ZShort Loan Collection aSHORT LOAN BOOKSe749464FCBU-MAIN LIBRARY (Kitwe)I49.98jTK 7881.15 RasM3UAVAILABLEWJul 16, 2019y749464ZShort Loan Collection aSHORT LOAN BOOKSe749463FCBU-MAIN LIBRARY (Kitwe)I49.98jTK 7881.15 RasM4UAVAILABLEWJul 16, 2019y749463ZShort Loan Collection aMAIN LIBRARY OPEN ACCESSe749466FCBU-MAIN LIBRARY (Kitwe)I49.98jTK 7881.15 RasM1UAVAILABLEWJul 16, 2019y749466ZMain Library Open Access Collection c82094d82094 00102lcc4070a001b001cMain Library Open Access Collectiond2023-09-12l0oTK 7881.15 Rasp749465r2023-09-12t1w2023-09-12y002 00102lcc4070a001b001cShort Loan Collectiond2023-09-12l0oTK 7881.15 Rasp750080r2023-09-12t2w2023-09-12y015 00102lcc4070a001b001cShort Loan Collectiond2023-09-12l0oTK 7881.15 Rasp749464r2023-09-12t3w2023-09-12y015 00102lcc4070a001b001cShort Loan Collectiond2023-09-12l0oTK 7881.15 Rasp749463r2023-09-12t4w2023-09-12y015 00102lcc4070a001b001cMain Library Open Access Collectiond2023-09-12l0oTK 7881.15 Rasp749466r2023-09-12t5w2023-09-12y002